000 01247nam a22003257a 4500
001 2365412
003 DO-SdBNP
005 20180314130609.0
007 2365412
008 160509b 20uu dr ||||| |||| 00| 0 spa d
020 _a9789945444166
040 _aBPMSU
_bspa
_cBPMSU
082 _a372.372
_bC965e 6to. [20--]
100 _4Cuello del Orbe, Elisa Ysabel
245 1 0 _aEducación sexual 6 /
_cElisa Ysabel Cuello del Orbe ; ilustraciones Ramón L. Sandoval
260 _aSanto Domingo :
_bActuralidad escolar 2000,
_c[200?]
300 _a72 p. :
_bil. ;
_c29 cm.
500 _aEste libro ha sido realizado de acuerdo al curriculum vigente y ha sido sometido a la evaluación y aprobación de la SEE
504 _aBibliografía : p. 72
650 4 _aEDUCACIÓN SEXUAL
_xENSEÑANZA BÁSICA
650 4 _aEDUCACIÓN SEXUAL
_xEDUCACIÓN PRIMARIA
650 4 _aEDUCACIÓN PRIMARIA
_zREPÚBLICA DOMINICANA
650 4 _aEDUCACIÓN SEXUAL
_xLIBROS DE TEXTOS
650 4 _aEDUCACIÓN SEXUAL
_xESTUDIOS Y EJERCICIOS
700 1 _a Sandoval, Ramón L.
_eil.
910 _aValidado. Control de calidad MFF
942 _2ddc
_cBK
945 _aRemanejado para la BNPHU / 2018 VM
956 _2VMATEO
_310
_620160510
_8BPMSU
_a0069
999 _c10067
_d10067